000 00269nam a2200109Ia 4500
082 _a796.510968 OLIV
245 0 _aOlivier,Willie
100 _aHiking trails of South Africa
942 _cBK
020 _a9781868727872"
008 210816s9999 xx 000 0 und d
999 _c114691
_d114690